| 000 | 00496nam a22001577a 4500 | ||
|---|---|---|---|
| 082 |
_a491.439 _bKHA |
||
| 100 | _aKhan, Rasheed Hassan | ||
| 245 |
_aUrdu Imla / _cRasheed Hassan Khan. |
||
| 260 |
_aLahore: _bFiction House, _c2013. |
||
| 300 |
_a704p. ; _c22cm. |
||
| 563 | _aHB | ||
| 880 |
_6100-01\(3\r _aرشید حسن خان |
||
| 880 |
_6245-02\(3\r _aاردو املا / _bرشید حسن خان |
||
| 880 |
_6260-03\(3\r _aلاہور: _bفکشن ہاؤس، _c2013. |
||
| 942 |
_2ddc _cBK |
||
| 999 |
_c614196 _d614196 |
||